[Event "Titled Tue 24th Jun Early"]
[Site "chess.com INT"]
[Date "2025.06.24"]
[Round "8"]
[White "Pranav, V"]
[Black "Lazavik, Denis"]
[Result "1/2-1/2"]
[WhiteTitle "GM"]
[BlackTitle "GM"]
[WhiteElo "2595"]
[BlackElo "2580"]
[WhiteFideId "25060783"]
[BlackFideId "13515110"]
[EventDate "2025.06.24"]

1. e4 c5 2. Nf3 d6 3. Bb5+ Bd7 4. Bxd7+ Nxd7 5. O-O e6 6. c3 Ngf6 7. Re1 Be7 8.
d4 O-O 9. e5 Ne8 10. Bf4 cxd4 11. Qxd4 dxe5 12. Nxe5 Nxe5 13. Bxe5 Bf6 14. Nd2
Bxe5 15. Rxe5 Qxd4 16. cxd4 Nf6 17. Rc5 Rfd8 18. Nf3 b6 19. Rc2 Rac8 20. Rac1
Rxc2 21. Rxc2 Nd5 22. a3 f6 23. Kf1 Kf7 24. g3 g5 25. Ke2 Ke7 26. Nd2 Rd7 27.
Nf1 Rc7 28. Rxc7+ Nxc7 29. Ne3 f5 30. Kd3 Kd6 31. Nc4+ Kd5 32. Ne3+ Kc6 33. Nc4
Nb5 34. Ne3 Nd6 35. f3 h6 36. g4 f4 37. Nc4 Nxc4 38. Kxc4 b5+ 39. Kd3 Kd5 40. b4
a6 41. Kc3 Kc6 42. Kd3 Kd5 43. Kc3 Kc6 44. Kd3 Kd5 1/2-1/2

[Event "Titled Tue 24th Jun Early"]
[Site "chess.com INT"]
[Date "2025.06.24"]
[Round "8"]
[White "Romany, Joy"]
[Black "Modric, Nesa"]
[Result "1-0"]
[WhiteTitle "WIM"]
[BlackTitle "CM"]
[WhiteElo "1960"]
[BlackElo "2088"]
[WhiteFideId "10656820"]
[BlackFideId "922579"]
[EventDate "2025.06.24"]

1. d4 d5 2. c4 c6 3. Nf3 Nf6 4. Nc3 e6 5. e3 Nbd7 6. Qc2 Be7 7. b3 b6 8. Bb2 Bb7
9. Bd3 c5 10. cxd5 exd5 11. O-O O-O 12. Rac1 Rc8 13. Qb1 a6 14. Rfd1 Qc7 15. Ne2
Qb8 16. Nf4 Rfd8 17. Bf5 Rc7 18. dxc5 bxc5 19. Ne5 Nxe5 20. Bxe5 Bd6 21. Bxf6
gxf6 22. Bxh7+ Kg7 23. Nh5+ Kh8 24. Nxf6 Re7 25. Bg8 Kg7 26. Qh7+ Kxf6 27. Qh6+
Ke5 28. f4+ Ke4 29. Bh7+ Kxe3 30. Rd3+ Ke2 31. Qh5# 1-0

[Event "Titled Tue 24th Jun Early"]
[Site "chess.com INT"]
[Date "2025.06.24"]
[Round "8"]
[White "Marynychenko, Yehor"]
[Black "Tregubov, Pavel V."]
[Result "1-0"]
[WhiteTitle "CM"]
[BlackTitle "GM"]
[WhiteElo "2183"]
[BlackElo "2550"]
[WhiteFideId "34160558"]
[BlackFideId "4115341"]
[EventDate "2025.06.24"]

1. e4 c5 2. c3 e6 3. d4 d5 4. e5 Nc6 5. Nf3 Qb6 6. Bd3 cxd4 7. cxd4 Bd7 8. O-O
Nxd4 9. Nxd4 Qxd4 10. Nc3 a6 11. Re1 Qa7 12. Bc2 Bc5 13. Be3 Ne7 14. Qg4 O-O 15.
Rad1 Rac8 16. Bxc5 Rxc5 17. Bxh7+ Kxh7 18. Qh4+ Kg8 19. Qxe7 b5 20. Rd3 Rc4 21.
Rg3 Qd4 22. Qf6 1-0

[Event "Titled Tue 24th Jun Early"]
[Site "chess.com INT"]
[Date "2025.06.24"]
[Round "8"]
[White "Gajic, Mladen"]
[Black "Araujo Filho, Luiz Antonio Coel"]
[Result "1-0"]
[WhiteTitle "FM"]
[WhiteElo "2246"]
[BlackElo "2077"]
[WhiteFideId "1709178"]
[BlackFideId "2130661"]
[EventDate "2025.06.24"]

1. e4 c6 2. d4 d5 3. f3 e6 4. Nc3 dxe4 5. fxe4 c5 6. d5 Nf6 7. Bb5+ Nbd7 8. dxe6
fxe6 9. e5 Nd5 10. Nf3 Nxc3 11. bxc3 Be7 12. O-O O-O 13. Qe2 Qc7 14. a4 Rb8 15.
Bd3 Nb6 16. Qe4 g6 17. h4 Qc6 18. Qg4 Kh8 19. h5 gxh5 20. Qxh5 Nd5 21. Qxh7# 1-0

[Event "Titled Tue 24th Jun Early"]
[Site "chess.com INT"]
[Date "2025.06.24"]
[Round "8"]
[White "Llari, Marc"]
[Black "Frempong-Smart Daniel"]
[Result "1-0"]
[WhiteTitle "FM"]
[BlackTitle "CM"]
[WhiteElo "2334"]
[BlackElo "1841"]
[WhiteFideId "651044269"]
[BlackFideId "12601659"]
[EventDate "2025.06.24"]

1. b3 Nf6 2. Bb2 g6 3. c4 Bg7 4. Nf3 O-O 5. g3 d5 6. cxd5 Nxd5 7. Bxg7 Kxg7 8.
Bg2 c5 9. Qc1 Qd6 10. Nc3 Nf6 11. O-O a6 12. Qb2 Kg8 13. Rfd1 Nc6 14. Rac1 b6
15. d4 Bb7 16. dxc5 Qxc5 17. Ne4 Qf5 18. Nh4 Qe6 19. Nxf6+ exf6 20. Bd5 Qe8 21.
Qxf6 Na5 22. Bxb7 Nxb7 23. Qxb6 Nd8 24. e3 Ne6 25. Qc6 Qb8 26. Nf3 Qb4 27. Rc4
Qa3 28. Ra4 Qb2 29. Qc1 Qe2 30. Nd4 Nxd4 31. Raxd4 Rfc8 32. Qd2 Qxd2 33. R1xd2
a5 34. Ra4 Rc5 35. Kg2 Rb5 36. g4 h5 37. h3 hxg4 38. hxg4 Kg7 39. f3 Rab8 40.
Kg3 R8b7 41. f4 f5 42. gxf5 gxf5 43. Kf3 Kf6 44. Rd6+ Ke7 45. Ra6 1-0

[Event "Titled Tue 24th Jun Early"]
[Site "chess.com INT"]
[Date "2025.06.24"]
[Round "8"]
[White "Manukian, Artak"]
[Black "Zmijanac, Dusko"]
[Result "1-0"]
[BlackTitle "FM"]
[WhiteElo "2104"]
[BlackElo "2007"]
[WhiteFideId "13301373"]
[BlackFideId "908762"]
[EventDate "2025.06.24"]

1. e4 Nf6 2. Nc3 d5 3. exd5 Nxd5 4. Bc4 Nb6 5. Bb3 Nc6 6. Qf3 e6 7. Nge2 Be7 8.
d4 Nxd4 9. Nxd4 Qxd4 10. Be3 Qf6 11. Qh5 O-O 12. O-O-O Qg6 13. Qf3 c6 14. h4 Nd5
15. h5 Qf6 16. Nxd5 cxd5 17. Qg3 h6 18. Kb1 Bd7 19. c4 Bc6 20. cxd5 exd5 21.
Bxd5 Qf5+ 22. Ka1 Bxd5 23. Bxh6 Bf6 24. Bxg7 Bxg7 25. h6 Qg6 26. Qxg6 fxg6 27.
hxg7 Kxg7 28. Rxd5 Rxf2 29. Rd7+ Rf7 30. Rxf7+ Kxf7 31. Rh7+ Kf6 32. Rxb7 Kg5
33. a4 Kg4 34. Rg7 g5 35. Ka2 a5 36. Ka3 Rb8 37. Ra7 Kg3 38. Rxa5 g4 39. Rg5 Re8
40. a5 Re1 41. b4 Kf4 42. Rg8 g3 43. b5 Ra1+ 44. Kb4 Rb1+ 45. Kc5 Rb2 46. a6
Rxg2 47. a7 Rc2+ 48. Kb6 1-0

[Event "Titled Tue 24th Jun Early"]
[Site "chess.com INT"]
[Date "2025.06.24"]
[Round "8"]
[White "Vandan Alankar Sawai"]
[Black "Essing, Arnold"]
[Result "0-1"]
[WhiteTitle "CM"]
[BlackTitle "FM"]
[WhiteElo "1955"]
[BlackElo "2197"]
[WhiteFideId "25973096"]
[BlackFideId "4619862"]
[EventDate "2025.06.24"]

1. e4 Nf6 2. e5 Nd5 3. d4 d6 4. c4 Nb6 5. f4 dxe5 6. fxe5 c5 7. d5 e6 8. d6 Qh4+
9. Ke2 Qe4+ 10. Kf2 Qxe5 11. Nf3 Qxd6 12. Qe1 Nc6 13. Nc3 a6 14. Ne4 Qc7 15. Be3
Ne5 16. Rd1 Nbxc4 17. Nxe5 Nxe3 18. Qxe3 Qxe5 19. Bc4 Be7 20. Rhe1 O-O 21. Kg1
b5 22. Bd3 Bb7 23. Qh3 h6 24. Ng3 Qg5 25. Kh1 Rad8 0-1

[Event "Titled Tue 24th Jun Early"]
[Site "chess.com INT"]
[Date "2025.06.24"]
[Round "8"]
[White "Alikulov, Elbek"]
[Black "Tsiolakidis, Anastasios"]
[Result "1-0"]
[WhiteTitle "IM"]
[BlackTitle "FM"]
[WhiteElo "2305"]
[BlackElo "2298"]
[WhiteFideId "14203308"]
[BlackFideId "4201477"]
[EventDate "2025.06.24"]

1. e4 c5 2. Nf3 d6 3. d4 cxd4 4. Nxd4 Nf6 5. Nc3 a6 6. h3 b5 7. g4 Bb7 8. Bg2 b4
9. Nd5 e6 10. Nxf6+ gxf6 11. Be3 Nd7 12. g5 Ne5 13. Qh5 Qc7 14. gxf6 O-O-O 15.
O-O-O d5 16. exd5 Bxd5 17. Bxd5 Rxd5 18. Qe2 Kb7 19. Nb3 Nc4 20. Rxd5 e5 21. Kb1 1-0

[Event "Titled Tue 24th Jun Early"]
[Site "chess.com INT"]
[Date "2025.06.24"]
[Round "8"]
[White "Suarez, Pedro"]
[Black "Mafra, Kaiser Luiz"]
[Result "1-0"]
[WhiteTitle "CM"]
[BlackTitle "CM"]
[WhiteElo "2066"]
[BlackElo "2076"]
[WhiteFideId "3007642"]
[BlackFideId "2106698"]
[EventDate "2025.06.24"]

1. d4 Nf6 2. c4 g6 3. Nc3 Bg7 4. e4 d6 5. Be2 O-O 6. Nf3 e5 7. O-O Nc6 8. d5 Ne7
9. Bg5 h6 10. Bxf6 Bxf6 11. b4 Bg7 12. c5 f5 13. Nd2 f4 14. Nc4 g5 15. Bg4 Bxg4
16. Qxg4 Rf6 17. Rac1 Qe8 18. f3 Rg6 19. a4 Kh7 20. Nb5 Qd8 21. Nxc7 Qxc7 22.
cxd6 Rxd6 23. Nxd6 Qxd6 24. Rc4 Nc8 25. Rxc8 Rxc8 26. Qxc8 Qxb4 27. Qc7 Qxa4 28.
d6 1-0

[Event "Titled Tue 24th Jun Early"]
[Site "chess.com INT"]
[Date "2025.06.24"]
[Round "8"]
[White "Carlsen, Magnus"]
[Black "Shankland, Sam"]
[Result "1-0"]
[WhiteTitle "GM"]
[BlackTitle "GM"]
[WhiteElo "2837"]
[BlackElo "2666"]
[WhiteFideId "1503014"]
[BlackFideId "2004887"]
[EventDate "2025.06.24"]

1. e4 c5 2. Nf3 d6 3. Nc3 Nf6 4. h3 e6 5. d4 cxd4 6. Nxd4 Be7 7. g4 Nc6 8. g5
Nd7 9. h4 O-O 10. Be3 a6 11. f4 Nxd4 12. Qxd4 b5 13. O-O-O Qa5 14. Kb1 b4 15.
Ne2 e5 16. Qd2 Bb7 17. Ng3 exf4 18. Bxf4 g6 19. h5 Ne5 20. hxg6 fxg6 21. Qh2 Rf7
22. Bxe5 Qxe5 23. Bc4 Qg7 24. Bxf7+ Qxf7 25. Nf5 gxf5 26. g6 Qg7 27. gxh7+ Kh8
28. Rdg1 Bg5 29. Qh5 1-0

[Event "Titled Tue 24th Jun Early"]
[Site "chess.com INT"]
[Date "2025.06.24"]
[Round "8"]
[White "Grot, Blazej"]
[Black "Fiorito, Francisco"]
[Result "0-1"]
[WhiteTitle "CM"]
[BlackTitle "IM"]
[WhiteElo "2187"]
[BlackElo "2433"]
[WhiteFideId "21835845"]
[BlackFideId "180165"]
[EventDate "2025.06.24"]

1. e4 c5 2. Nf3 Nc6 3. d4 cxd4 4. Nxd4 g6 5. c4 Nf6 6. Nc3 d6 7. Be2 Nxd4 8.
Qxd4 Bg7 9. Qd3 O-O 10. O-O Be6 11. Bd2 Nd7 12. b3 Nc5 13. Qg3 Bxc3 14. Qxc3
Nxe4 15. Qd4 Nxd2 16. Qxd2 Rb8 17. Bf3 b5 18. Rac1 bxc4 19. bxc4 Qb6 20. Rfe1
Qb2 21. Rc2 Qb4 22. Qe2 Rfc8 23. h4 Bxc4 24. Qxe7 Re8 25. Qxe8+ Rxe8 26. Rxe8+
Kg7 27. Rc1 Bxa2 28. Ra8 a5 29. Ra1 a4 30. Bc6 Qb2 31. Rd1 Bb3 32. Rxd6 Qa1+ 33.
Kh2 Qe5+ 0-1

[Event "Titled Tue 24th Jun Early"]
[Site "chess.com INT"]
[Date "2025.06.24"]
[Round "8"]
[White "Seder, Mohammed"]
[Black "Samunenkov, Ihor"]
[Result "0-1"]
[WhiteTitle "FM"]
[BlackTitle "GM"]
[WhiteElo "2075"]
[BlackElo "2562"]
[WhiteFideId "11505567"]
[BlackFideId "14187086"]
[EventDate "2025.06.24"]

1. d4 Nf6 2. Nc3 d5 3. Bf4 e6 4. Nb5 Bb4+ 5. c3 Ba5 6. a4 a6 7. b4 Bxb4 8. cxb4
axb5 9. axb5 Rxa1 10. Qxa1 Nh5 11. Bd2 Bd7 12. e3 O-O 13. Nf3 Qe8 14. Qa5 b6 15.
Qa4 Nf6 16. Bd3 Ne4 17. O-O Nd6 18. Rc1 Bxb5 19. Bxb5 Qxb5 20. Qxb5 Nxb5 21. Ne5
f6 22. Nd3 Nd7 23. Ra1 Kf7 24. Nf4 c6 25. Rc1 Rc8 26. h4 Ke7 27. f3 Kd6 28. Kf2
Ra8 29. Rc2 e5 30. dxe5+ Nxe5 31. Bc3 Nc4 32. Bd4 Ra3 33. Nh5 c5 34. bxc5+ bxc5
35. Nxg7 cxd4 36. Nf5+ Ke5 37. Nxd4 Nxd4 38. exd4+ Kxd4 0-1

[Event "Titled Tue 24th Jun Early"]
[Site "chess.com INT"]
[Date "2025.06.24"]
[Round "8"]
[White "Ugorek, Kacper"]
[Black "Anakok, Deniz"]
[Result "0-1"]
[WhiteTitle "CM"]
[BlackTitle "CM"]
[WhiteElo "2262"]
[BlackElo "2058"]
[WhiteFideId "21890676"]
[BlackFideId "51603586"]
[EventDate "2025.06.24"]

1. f4 g6 2. Nf3 d5 3. g3 Bg7 4. Bg2 c5 5. O-O Nc6 6. e3 Nf6 7. b3 O-O 8. Bb2 Bg4
9. h3 Bxf3 10. Qxf3 e6 11. d3 Nd7 12. Bxg7 Kxg7 13. Nd2 Qe7 14. e4 Nd4 15. Qd1
dxe4 16. Nxe4 Nf5 17. Kh2 Ne3 18. Qd2 Nxf1+ 19. Rxf1 Rac8 20. Qc3+ f6 21. Re1 e5
22. f5 gxf5 23. Nd2 Kh8 24. Nc4 b6 25. Ne3 f4 26. gxf4 exf4 27. Nf5 Qf7 28. Re7
Qg6 29. Be4 Rg8 30. Ng7 Qg3+ 31. Kh1 Qxh3+ 32. Kg1 Rxg7+ 33. Rxg7 Kxg7 34. Qc4
f3 35. Bxf3 Qxf3 36. Qe6 Qc6 37. Qe7+ Kh8 0-1

[Event "Titled Tue 24th Jun Early"]
[Site "chess.com INT"]
[Date "2025.06.24"]
[Round "8"]
[White "Materia, Marco"]
[Black "Weerasekara, Dishal Nimsara"]
[Result "1-0"]
[WhiteTitle "IM"]
[BlackTitle "FM"]
[WhiteElo "2489"]
[BlackElo "2125"]
[WhiteFideId "45150451"]
[BlackFideId "9997431"]
[EventDate "2025.06.24"]

1. Nf3 Nf6 2. c4 g6 3. Nc3 Bg7 4. d4 O-O 5. Bg5 d6 6. e3 Nbd7 7. Qc2 c5 8. d5 a6
9. a4 Qc7 10. Be2 b6 11. O-O Bb7 12. Nd2 e5 13. f4 exf4 14. exf4 Rfe8 15. Kh1
Nxd5 16. cxd5 Bxc3 17. Qxc3 Rxe2 18. Bh6 f6 19. Rae1 Rae8 20. Rxe2 Rxe2 21. Qd3
Re7 22. h4 f5 23. Bg5 Rf7 24. Re1 Nf6 25. Qc3 Kg7 26. Re6 Qd8 27. Nc4 h6 28.
Bxf6+ Rxf6 29. Nxd6 Bxd5 30. Rxf6 Qa8 31. Rf7+ Kg8 32. Qg7# 1-0

[Event "Titled Tue 24th Jun Early"]
[Site "chess.com INT"]
[Date "2025.06.24"]
[Round "8"]
[White "Dovgaliuk, Oleksandr"]
[Black "Sharapov, Yevhen"]
[Result "0-1"]
[BlackTitle "GM"]
[WhiteElo "2190"]
[BlackElo "2375"]
[WhiteFideId "14167247"]
[BlackFideId "14103133"]
[EventDate "2025.06.24"]

1. e4 c5 2. Nf3 d6 3. d4 cxd4 4. Nxd4 Nf6 5. Nc3 Nc6 6. Bc4 Qb6 7. Nxc6 bxc6 8.
O-O g6 9. e5 dxe5 10. Be3 Qc7 11. Qd2 Bg7 12. Bh6 O-O 13. Bxg7 Kxg7 14. Rfe1 Bf5
15. Bb3 Rad8 16. Qe3 e4 17. h3 h5 18. Qc5 Rd6 19. a4 Qb6 20. Qe5 Rd7 21. Nxe4
Bxe4 22. Rxe4 Rfd8 23. a5 Rd1+ 24. Rxd1 Rxd1+ 25. Kh2 Qxf2 26. Re2 Qg1+ 27. Kg3
Rd4 28. Bxf7 h4+ 29. Kf3 Qf1+ 30. Rf2 Qd1+ 31. Re2 Re4 0-1

[Event "Titled Tue 24th Jun Early"]
[Site "chess.com INT"]
[Date "2025.06.24"]
[Round "8"]
[White "Damaraju, Ashwin"]
[Black "Milare, Tyron"]
[Result "1-0"]
[BlackTitle "FM"]
[WhiteElo "2084"]
[BlackElo "2248"]
[WhiteFideId "39908348"]
[BlackFideId "12987018"]
[EventDate "2025.06.24"]

1. e4 c5 2. Nc3 d6 3. f4 g6 4. Nf3 Nc6 5. Bc4 Bg7 6. O-O Rb8 7. d3 Nd4 8. a4
Nxf3+ 9. Qxf3 Nf6 10. e5 dxe5 11. fxe5 Qd4+ 12. Kh1 Bg4 13. Qg3 Nh5 14. Bxf7+
Kd8 15. Qh4 Rf8 16. Bg5 Bxe5 17. Bxe7+ Kd7 18. Nb5 Qb4 19. c3 Qxb2 20. Qxg4+ Kc6
21. Qe6+ 1-0

[Event "Titled Tue 24th Jun Early"]
[Site "chess.com INT"]
[Date "2025.06.24"]
[Round "8"]
[White "Milanovic, Vojislav"]
[Black "Laddha, Shubh Jayesh"]
[Result "1-0"]
[WhiteTitle "IM"]
[BlackTitle "FM"]
[WhiteElo "2293"]
[BlackElo "2303"]
[WhiteFideId "905046"]
[BlackFideId "30942799"]
[EventDate "2025.06.24"]

1. e4 c5 2. Nf3 d6 3. Bb5+ Nd7 4. c3 a6 5. Ba4 Nf6 6. Qe2 g6 7. d4 cxd4 8. cxd4
Bg7 9. O-O O-O 10. Nc3 b5 11. Bb3 Bb7 12. a3 e5 13. dxe5 Nxe5 14. Nxe5 dxe5 15.
Bg5 Qb6 16. Bxf6 Qxf6 17. Bd5 Bxd5 18. Nxd5 Qg5 19. g3 Rac8 20. h4 Qd8 21. Rfd1
Re8 22. h5 Qg5 23. hxg6 hxg6 24. Kg2 Rc4 25. Rd2 Rd4 26. Rad1 Rc8 27. Qe3 Qd8
28. Rxd4 exd4 29. Qf4 Rc2 30. b4 Qd7 31. Qb8+ Kh7 32. Rh1+ Bh6 33. Nf6+ Kg7 34.
Nxd7 d3 35. Qf8+ Kh7 36. Rxh6# 1-0

[Event "Titled Tue 24th Jun Early"]
[Site "chess.com INT"]
[Date "2025.06.24"]
[Round "8"]
[White "Watanabe, Akira"]
[Black "Venskaya, Nika"]
[Result "1-0"]
[WhiteTitle "FM"]
[BlackTitle "WCM"]
[WhiteElo "2284"]
[BlackElo "1926"]
[WhiteFideId "7000227"]
[BlackFideId "13523503"]
[EventDate "2025.06.24"]

1. d4 Nf6 2. c4 g6 3. Nc3 d5 4. cxd5 Nxd5 5. e4 Nxc3 6. bxc3 Bg7 7. Nf3 c5 8.
Rb1 O-O 9. Be2 b6 10. O-O Nc6 11. d5 Na5 12. c4 Bg4 13. Qc2 f5 14. h3 fxe4 15.
hxg4 exf3 16. Bxf3 Qd6 17. Bb2 Bxb2 18. Rxb2 Qf4 19. Re1 Qg5 20. Qc3 Rad8 21.
Rbe2 Rf7 22. d6 Rxd6 23. Bd5 Rxd5 24. cxd5 Qxd5 25. Rxe7 Rxe7 26. Rxe7 Qd1+ 27.
Re1 Qd7 28. Qf6 Nc6 29. g5 c4 30. Re3 b5 31. Rf3 Qe8 32. Qd6 Ne7 33. Qe6+ Kg7
34. Re3 Kf8 35. Qf6+ Qf7 36. Rxe7 Qxf6 1-0

[Event "Titled Tue 24th Jun Early"]
[Site "chess.com INT"]
[Date "2025.06.24"]
[Round "8"]
[White "Vignesh, N R"]
[Black "Barseghyan, Armen Ar."]
[Result "0-1"]
[WhiteTitle "GM"]
[BlackTitle "IM"]
[WhiteElo "2531"]
[BlackElo "2348"]
[WhiteFideId "25012215"]
[BlackFideId "13306707"]
[EventDate "2025.06.24"]

1. e4 c5 2. Nf3 Nc6 3. d4 cxd4 4. Nxd4 g6 5. c4 Nf6 6. Nc3 d6 7. Be2 Nxd4 8.
Qxd4 Bg7 9. Be3 O-O 10. Qd2 a5 11. O-O a4 12. Rab1 Be6 13. Rfc1 Qa5 14. f3 Nd7
15. b4 axb3 16. axb3 Rfc8 17. b4 Qa3 18. Nb5 Qa2 19. Qxa2 Rxa2 20. Bf1 Ne5 21.
c5 dxc5 22. bxc5 Nc6 23. Bc4 Bxc4 24. Rxc4 Re2 25. Bf2 Rd8 26. Be1 Ra8 27. Nc3
Bxc3 28. Rxc3 Raa2 29. Bg3 Rxg2+ 30. Kf1 h5 31. Rxb7 h4 32. Bc7 h3 33. Rb1 e5 0-1

[Event "Titled Tue 24th Jun Early"]
[Site "chess.com INT"]
[Date "2025.06.24"]
[Round "8"]
[White "Suarez, Sebastian"]
[Black "Jasinski, Alexander"]
[Result "0-1"]
[WhiteElo "2161"]
[BlackElo "1989"]
[WhiteFideId "30979080"]
[BlackFideId "55627994"]
[EventDate "2025.06.24"]

1. g3 g6 2. Bg2 Bg7 3. Nf3 Nf6 4. O-O O-O 5. d4 d6 6. c4 Nc6 7. Nc3 a6 8. b3 Rb8
9. Bb2 b5 10. Rb1 Na5 11. Nd2 c5 12. e3 Bf5 13. e4 cxd4 14. exf5 dxc3 15. Bxc3
b4 16. Bb2 gxf5 17. Qf3 e6 18. a3 Ne4 19. Nxe4 Bxb2 20. axb4 fxe4 21. Qxe4 Bg7
22. bxa5 Qxa5 23. Rfd1 Rb6 24. Qh4 Rfb8 25. Be4 f5 26. Bc2 Qc3 0-1

[Event "Titled Tue 24th Jun Early"]
[Site "chess.com INT"]
[Date "2025.06.24"]
[Round "8"]
[White "Ismagilov, Damir"]
[Black "Jimenez Salas, Maria Teresa"]
[Result "1-0"]
[WhiteTitle "CM"]
[BlackTitle "WIM"]
[WhiteElo "2173"]
[BlackElo "2170"]
[WhiteFideId "34199982"]
[BlackFideId "3843866"]
[EventDate "2025.06.24"]

1. d4 d5 2. c4 c6 3. Nc3 dxc4 4. e4 b5 5. a4 b4 6. Na2 e6 7. Bxc4 Nf6 8. Nf3
Nxe4 9. O-O Nf6 10. Re1 Be7 11. Ne5 O-O 12. Bg5 a5 13. Nc1 h6 14. Bh4 Bb7 15.
Nxf7 Rxf7 16. Bxe6 Bc8 17. Bxf7+ Kxf7 18. Nd3 Bf5 19. Ne5+ Kg8 20. Qb3+ Qd5 21.
Nc4 Ra7 22. Re5 Bc2 23. Qxc2 Qxd4 24. Bxf6 gxf6 25. Re4 Qd7 26. Rd1 Qf5 27. Rxe7
Qxc2 28. Rd8# 1-0

[Event "Titled Tue 24th Jun Early"]
[Site "chess.com INT"]
[Date "2025.06.24"]
[Round "8"]
[White "Mattenberger, Matthias"]
[Black "Predein, Vladimir"]
[Result "0-1"]
[WhiteTitle "FM"]
[BlackTitle "IM"]
[WhiteElo "2286"]
[BlackElo "2373"]
[WhiteFideId "1339958"]
[BlackFideId "4117786"]
[EventDate "2025.06.24"]

1. d4 Nf6 2. c4 e6 3. Nc3 c5 4. d5 exd5 5. cxd5 d6 6. e4 g6 7. f4 Bg7 8. Bb5+
Nfd7 9. Be2 Qh4+ 10. g3 Qd8 11. Nf3 O-O 12. O-O Na6 13. Kg2 f5 14. Ng5 Nf6 15.
e5 Ne8 16. e6 h6 17. Nf3 Nf6 18. Be3 Nc7 19. a4 Qe7 20. Bc4 b6 21. Qd3 Bb7 22.
Kg1 Rae8 23. Bf2 Kh7 24. h3 Ne4 25. Nxe4 fxe4 26. Qxe4 Nxe6 27. Nh4 Qf6 28. Nxg6
Qxg6 29. f5 Rxf5 30. Bd3 Nd4 31. Qh4 Nf3+ 0-1

[Event "Titled Tue 24th Jun Early"]
[Site "chess.com INT"]
[Date "2025.06.24"]
[Round "8"]
[White "Ghosh, Chanchal Kumer"]
[Black "Rabin, Evan"]
[Result "1-0"]
[WhiteTitle "CM"]
[WhiteElo "2018"]
[BlackElo "1945"]
[WhiteFideId "10201858"]
[BlackFideId "2028670"]
[EventDate "2025.06.24"]

1. e4 Nf6 2. e5 Nd5 3. c4 Nb6 4. Nf3 d6 5. Nc3 Nc6 6. exd6 cxd6 7. d4 Bg4 8. Be3
e6 9. Bd3 Be7 10. O-O O-O 11. h3 Bh5 12. Rc1 Rc8 13. a3 d5 14. c5 Nc4 15. Bxc4
dxc4 16. Ne2 Bxf3 17. gxf3 Qd5 18. Kg2 Rfd8 19. Qc2 e5 20. Nc3 Qe6 21. d5 Rxd5
22. Nxd5 Qxd5 23. Qxc4 Qd7 24. b4 Qf5 25. Qe4 Qe6 26. Rfd1 Qb3 27. Rd3 Qe6 28.
Rcd1 f5 29. Qd5 Kf7 30. Qxe6+ Kxe6 31. Rd7 Rd8 32. Rxe7+ Kxe7 33. Bg5+ Ke8 34.
Bxd8 Nxd8 35. Rd5 Nc6 36. f4 Ke7 37. fxe5 Ke6 38. Rd6+ Kxe5 39. Rd7 1-0

[Event "Titled Tue 24th Jun Early"]
[Site "chess.com INT"]
[Date "2025.06.24"]
[Round "8"]
[White "Filippova, Margarita"]
[Black "Diachek, Andrii"]
[Result "1-0"]
[WhiteTitle "WFM"]
[BlackTitle "CM"]
[WhiteElo "2026"]
[BlackElo "2177"]
[WhiteFideId "34199680"]
[BlackFideId "34106499"]
[EventDate "2025.06.24"]

1. e4 c6 2. d4 d5 3. e5 c5 4. dxc5 e6 5. c3 Bxc5 6. Qg4 Ne7 7. Bd3 Nbc6 8. Nf3
Ng6 9. O-O Qc7 10. Re1 Bd7 11. Qg3 O-O-O 12. b4 Bb6 13. a4 a5 14. b5 Nce7 15.
Ba3 Bc5 16. Nbd2 Bxa3 17. Rxa3 f6 18. exf6 Qxg3 19. hxg3 gxf6 20. c4 e5 21. cxd5
Nxd5 22. Nc4 Be6 23. Nxa5 Kb8 24. Nd4 Bd7 25. Nc2 f5 26. f3 Rc8 27. Nc4 e4 28.
fxe4 fxe4 29. Rxe4 Bf5 30. Rd4 Bxd3 31. Raxd3 Nf6 32. N2e3 Rhe8 33. a5 Rc5 34.
b6 Kc8 35. Rd6 Kb8 36. Rxf6 1-0

[Event "Titled Tue 24th Jun Early"]
[Site "chess.com INT"]
[Date "2025.06.24"]
[Round "8"]
[White "Yanev, Tihomir"]
[Black "Boramanikar, Tanisha S"]
[Result "1-0"]
[WhiteTitle "IM"]
[BlackTitle "WCM"]
[WhiteElo "2354"]
[BlackElo "1743"]
[WhiteFideId "2910110"]
[BlackFideId "35023454"]
[EventDate "2025.06.24"]

1. d4 Nf6 2. Nf3 d5 3. c4 g6 4. e3 Bg7 5. Nc3 O-O 6. h3 c6 7. Bd3 Nbd7 8. O-O
Re8 9. cxd5 cxd5 10. b3 e5 11. dxe5 Nxe5 12. Nxe5 Rxe5 13. Bb2 Rg5 14. Qf3 Ne4
15. Bxe4 dxe4 16. Nxe4 Bxb2 17. Nxg5 Qxg5 18. Rad1 Bf5 19. Qxb7 Re8 20. Qb5 Rc8
21. e4 Qf4 22. exf5 Be5 23. g3 Qxf5 24. Qd7 Qc2 25. Rc1 Qxc1 26. Rxc1 Rxc1+ 27.
Kg2 a5 28. Qe8+ 1-0

[Event "Titled Tue 24th Jun Early"]
[Site "chess.com INT"]
[Date "2025.06.24"]
[Round "8"]
[White "Ocampos, Ian"]
[Black "Lloret Ramis, Juan Jose"]
[Result "1-0"]
[BlackTitle "FM"]
[WhiteElo "2216"]
[BlackElo "2019"]
[WhiteFideId "117544"]
[BlackFideId "2204053"]
[EventDate "2025.06.24"]

1. e4 c5 2. d4 cxd4 3. c3 dxc3 4. Nxc3 Nc6 5. Bc4 d6 6. Nf3 e6 7. O-O Nf6 8. Qe2
Be7 9. Rd1 e5 10. Bb5 Bg4 11. Qc4 O-O 12. Bxc6 bxc6 13. Qxc6 Rc8 14. Qa6 Bxf3
15. gxf3 Qd7 16. Qf1 Nh5 17. Nd5 f5 18. Qg2 fxe4 19. fxe4 Nf4 20. Bxf4 exf4 21.
f3 Bd8 22. Rd2 Qb5 23. Rad1 Bb6+ 24. Kh1 Be3 25. Ne7+ Kh8 26. Rd5 Qa4 27. Qh3
Rc5 28. Ng6+ Kg8 29. Qe6+ 1-0